Statistiken für Die 10 Länder mit der höchsten Einwohnerzahl

Klicken Sie hier um das Quiz zu spielen!

Allgemein

  • Dieses Quiz wurde 212 mal gespielt
  • Das Durchschnittsergebnis liegt bei 9 aus 10

Antwortstatistiken

AntwortEinwohnerzahl% Korrekt
2.China1.425.849.288
99%
1.Indien1.426.000.000
99%
3.Usa339.080.235
99%
7.Brasilien215.802.222
95%
9.Russland144.694.112
95%
4.Indonesien276.386.389
81%
10.Mexiko127.984.117
81%
6.Nigeria221.153.992
76%
5.Pakistan238.126.113
74%
8.Bangladesch172.075.151
65%

Verteilung der Resultate

Perzentil nach korrekt beantworteten Fragen

Anzahl Personen mit jedem Resultat

Ihre Resultats-Entwicklung

Sie haben dieses Quiz noch nicht gespielt